Districts of Freiburg im Breisgau - Statistics

General Stats
  • This quiz has been taken 41 times
  • The average score is 14 of 28
Answer Stats
Hint Answer % Correct
South Wiehre
88%
Center Altstadt
77%
North Zähringen
77%
Southwest Vauban
73%
Southwest Haslach
69%
East Littenweiler
69%
West Stühlinger
69%
West Landwasser
62%
North Herdern
58%
Southwest Rieselfeld
58%
Southwest St. Georgen
58%
South Günterstal
50%
Southwest Weingarten
50%
West Mooswald
46%
North Brühl
42%
East Ebnet
42%
East Kappel
42%
South Oberau
42%
West Betzenhausen
38%
Center Neuburg
35%
Southwest Opfingen
35%
West Lehen
31%
Southwest Tiengen
31%
North Hochdorf
27%
Southwest Munzingen
23%
East Waldsee
23%
West Waltershofen
23%
West Mundenhof
19%
No matching quizzes found
Score Distribution
Percent of People with Each Score
Percentile by Number Answered
Your Score History
You have not taken this quiz